000 00712nam a2200217Ii 4500
003 JO-AjNU
008 230605s9999||||xx |||||||||||||| ||und||
017 _a2001/7/1517
040 _aJO-AjNU
_bara
_erda
_cJO-AjNU
041 _aara
050 1 4 _aBF128.A7.A2842.2006
100 3 _aأبو حويج،مروان,
_eauthor
_930996
245 0 0 _aالمدخل الى علم النفس العام
250 _aالطبعة العربية
264 3 1 _aعمان:دار اليازوري العلمية للنشر والتوزيع ، 2006
300 _a262ص
336 _atext
_btxt
_2rdacontent
337 _aunmediated
_bn
_2rdamedia
338 _avolume
_bnc
_2rdacarrier
650 4 _aعلم النفس
_930997
999 _aA12350
_c15918
_d15918